西藏自治区县级行政区划 - Statistics

General Stats
  • This quiz has been taken 19 times
  • The average score is 40 of 74
Answer Stats
Hint Answer % Correct
林芝市 墨脱县
92%
拉萨市 城关区
85%
那曲市 尼玛县
85%
阿里地区 日土县
85%
拉萨市 堆龙德庆区
77%
拉萨市 当雄县
77%
拉萨市 墨竹工卡县
77%
山南市 错那市
77%
阿里地区 噶尔县
77%
山南市 贡嘎县
69%
日喀则市 亚东县
69%
那曲市 索县
69%
阿里地区 改则县
69%
林芝市 朗县
69%
林芝市 米林市
69%
山南市 乃东区
62%
山南市 隆子县
62%
山南市 浪卡子县
62%
日喀则市 桑珠孜区
62%
日喀则市 定结县
62%
那曲市 双湖县
62%
阿里地区 札达县
62%
阿里地区 措勤县
62%
林芝市 工布江达县
62%
拉萨市 达孜区
54%
拉萨市 曲水县
54%
昌都市 卡若区
54%
昌都市 芒康县
54%
昌都市 八宿县
54%
山南市 琼结县
54%
山南市 措美县
54%
日喀则市 南木林县
54%
日喀则市 江孜县
54%
日喀则市 定日县
54%
日喀则市 萨迦县
54%
日喀则市 聂拉木县
54%
那曲市 色尼区
54%
那曲市 申扎县
54%
那曲市 安多县
54%
那曲市 比如县
54%
林芝市 巴宜区
54%
林芝市 察隅县
54%
拉萨市 林周县
46%
拉萨市 尼木县
46%
昌都市 左贡县
46%
昌都市 江达县
46%
昌都市 丁青县
46%
昌都市 类乌齐县
46%
山南市 扎囊县
46%
山南市 桑日县
46%
日喀则市 拉孜县
46%
日喀则市 谢通门县
46%
日喀则市 仁布县
46%
日喀则市 仲巴县
46%
日喀则市 萨嘎县
46%
那曲市 班戈县
46%
阿里地区 普兰县
46%
林芝市 波密县
46%
昌都市 察雅县
38%
昌都市 边坝县
38%
山南市 洛扎县
38%
山南市 加查县
38%
山南市 曲松县
38%
日喀则市 昂仁县
38%
日喀则市 白朗县
38%
日喀则市 康马县
38%
日喀则市 吉隆县
38%
日喀则市 岗巴县
38%
那曲市 聂荣县
38%
那曲市 嘉黎县
38%
昌都市 洛隆县
31%
那曲市 巴青县
31%
阿里地区 革吉县
31%
昌都市 贡觉县
23%
No matching quizzes found
Score Distribution
Percent of People with Each Score
Percentile by Number Answered
Your Score History
You have not taken this quiz